000 00799nac a22002291u 4500
010 _a 2006005781
020 _a0132277816 :
035 _a(OCoLC)ocm64427391
082 0 0 _a658.4038011
_bLAU
090 _c8701
_d8701
100 _aLaudon, Kenneth C.,
245 1 0 _aEssentials of business information systems /
_cKenneth C. Laudon, Jane P. Laudon.
250 _a7th ed.
260 _aUpper Saddle River, N.J. :
_bPearson/Prentice Hall,2007.
_cc2007.
300 _axxviii, 433, [38] p. :
_bcol. ill. ;
_c29 cm.
500 _aDistributer: Bacca
504 _aIncludes bibliographical references and index.
511 _aCatalogued by: Sara
650 0 _aManagement information systems.
700 1 _aLaudon, Jane Price.
942 _cNB
_k658.4038011LAU
999 _c8701
_d8701